| 000 | 00916nam a22002657a 4500 | ||
|---|---|---|---|
| 001 | 9963 | ||
| 003 | FISKH | ||
| 005 | 20260319153607.0 | ||
| 008 | 260319b cb ||||| |||| 00| 0 eng d | ||
| 020 | _a9781848105805 | ||
| 040 |
_aFISKH _beng _cFISKH _dFISKH |
||
| 050 | _aPZ7 | ||
| 082 | _a823.008377 | ||
| 100 |
_aGallagher, Belinda _eAuthor |
||
| 245 |
_aThe wonderful weaver and other magical stories / _cCompiled by Vic Parker |
||
| 260 |
_aThaxted : _bMiles Kelly Publishing Ltd , _c2012 |
||
| 300 |
_a40 pages : _bcolor illustrations ; _c28 cm |
||
| 505 | _aP | ||
| 520 | _aThis series captures the imagination of young readers with tales of enchantment. It is ideal for young readers to read along with parents or older children to read alone. | ||
| 521 | 8 |
_a650
_bLexile estimate |
|
| 521 | 8 |
_aP
_bRaz-Plus |
|
| 650 |
_aChildren book _vPicture book |
||
| 942 |
_2ddc _cBK _n0 |
||
| 999 |
_c9963 _d9963 |
||